000 00430cam a22001217a 4500
008 180718b2001 xxu||||| |||| 00| 0 eng d
082 _aQ31x54 T25
245 _aReport of the working group on rural poverty alleviation programmes for the tenth five year plan (2002-2007)
260 _aNew Delhi
_bPlanning Commission
_c2001
300 _a100p.
440 _aTFYP working group sr. no. 81/2001
700 _aIndia. Planning Commission
999 _c477525
_d477525